000 00536nam a2200193Ia 4500
008 240510s9999 xx 000 0 und d
020 _a9781788836524
041 _aEng
082 _a006.31
082 _bR18
100 _aRAVICHANDIRAN,SUDHARSAN
245 0 _aHands-On Reinforcement Learning with Python : Master Reinforcement and Deep Reinforcement Learning using OpenAI Gym and TensorFlow
260 _bUK:Packt Publishing Ltd.
260 _c2018
300 _a305 p.
650 _aPython
942 _2ddc
942 _cRBK
999 _c29586
_d29586
945 _a1
_bMadushi Gamage
_c1
_dMadushi Gamage